Участникам Второй Мировой и Великой Отечественной войны посвящается... (Запись № 3096164)

Подробности
000 -МАРКЕР
контрольное поле 02196nam0a2200325 4500
001 - ИДЕНТИФИКАТОР ЗАПИСИ
контрольное поле RU\NLR\bibl\1915295
005 - ИДЕНТИФИКАТОР ВЕРСИИ
контрольное поле 20260408073941.0
010 ## - МЕЖДУНАРОДНЫЙ СТАНДАРТНЫЙ НОМЕР КНИГИ (ISBN)
Номер (ISBN) 5-85474-041-9
Тираж 1000
035 ## - ДРУГИЕ СИСТЕМНЫЕ НОМЕРА
Идентификатор записи (NLR Aleph) 001904800
100 ## - ДАННЫЕ ОБЩЕЙ ОБРАБОТКИ
Данные общей обработки 20120618d2005 |||y0rusy50 ca
101 0# - ЯЗЫК РЕСУРСА
Язык текста, звукозаписи и т.д. русский
-- английский
102 ## - СТРАНА ПУБЛИКАЦИИ ИЛИ ПРОИЗВОДСТВА
Страна публикации Российская Федерация
105 ## - ПОЛЕ КОДИРОВАННЫХ ДАННЫХ: ТЕКСТОВЫЕ МАТЕРИАЛЫ, МОНОГРАФИЧЕСКИЕ
Кодированные данные о монографическом текстовом документе a |||||||||
200 1# - ЗАГЛАВИЕ И СВЕДЕНИЯ ОБ ОТВЕТСТВЕННОСТИ
Основное заглавие Участникам Второй Мировой и Великой Отечественной войны посвящается...
Сведения, относящиеся к заглавию [выставка художников - ветеранов Второй Мировой и Великой Отечественной войны
Первые сведения об ответственности сост.: Л.М. Грабко и Л.В. Ширшова
Последующие сведения об ответственности авт. вступ. ст.: С.М. Миронов и др.]
210 ## - ПУБЛИКАЦИЯ, РАСПРОСТРАНЕНИЕ И ДР.
Место издания, распространения и т.д. Санкт-Петербург
Имя издателя, распространителя и т. д. [б. и.]
Дата издания, распространения и т.д. 2005
215 ## - ФИЗИЧЕСКАЯ ХАРАКТЕРИСТИКА
Специфическое обозначение материала и объем [71] с.
Другие сведения о физической характеристике ил., цв. ил., портр.
Размеры 23х24
300 ## - ОБЩИЕ ПРИМЕЧАНИЯ
Текст примечания В надзаг.: Ком. по культуре Правительства Санкт-Петербурга, Ком. по культуре Правительства Ленингр. обл., Росзарубежцентр [и др.]
300 ## - ОБЩИЕ ПРИМЕЧАНИЯ
Текст примечания Текст парал. на рус. и англ. яз.
606 1# - НАИМЕНОВАНИЕ ТЕМЫ КАК ПРЕДМЕТ
Наименование темы Изобразительное искусство русское советское
Тематический подзаголовок Выставки
Географический подзаголовок Санкт-Петербург, город
Хронологический подзаголовок 2005
Системный номер авторитетной/нормативной записи 2461975
Идентификатор авторитетной/нормативной записи RU\NLR\auth\661462816
606 1# - НАИМЕНОВАНИЕ ТЕМЫ КАК ПРЕДМЕТ
Наименование темы Изобразительное искусство русское
Тематический подзаголовок Выставки
Географический подзаголовок Санкт-Петербург, город
Хронологический подзаголовок 20 - 21 вв.
-- 2005
Системный номер авторитетной/нормативной записи 2123241
Идентификатор авторитетной/нормативной записи RU\NLR\auth\661585609
686 ## - ИНДЕКСЫ ДРУГИХ КЛАССИФИКАЦИЙ
Индекс Щ103(2Р=Рус)7
702 #1 - ИМЯ ЛИЦА - ВТОРИЧНАЯ ОТВЕТСТВЕННОСТЬ
Начальный элемент ввода Грабко
Часть имени, кроме начального элемента ввода Л. М.
Код отношения Составитель
711 12 - НАИМЕНОВАНИЕ ОРГАНИЗАЦИИ - АЛЬТЕРНАТИВНАЯ ОТВЕТСТВЕННОСТЬ
Начальный элемент ввода Выставка художников - ветеранов Великой Отечественной войны, посвященная 60-летию Победы
Место проведения временной организации Санкт-Петербург
Дата проведения временной организации 2005
Системный номер авторитетной/нормативной записи 319881
Идентификатор авторитетной/нормативной записи RU\NLR\AUTH\8810217010
712 01 - НАИМЕНОВАНИЕ ОРГАНИЗАЦИИ - ВТОРИЧНАЯ ОТВЕТСТВЕННОСТЬ
Код отношения Прочие
Начальный элемент ввода Санкт-Петербург
Структурное подразделение Комитет по культуре
Системный номер авторитетной/нормативной записи 319883
Идентификатор авторитетной/нормативной записи RU\NLR\AUTH\8810217011
801 #0 - ИСТОЧНИК ЗАПИСИ
Страна Российская Федерация
Организация NLR
Дата составления 20120618
Правила каталогизации RCR
801 #1 - ИСТОЧНИК ЗАПИСИ
Страна Российская Федерация
Организация NLR
Дата составления 20120618
942 ## - ДОПОЛНИТЕЛЬНЫЕ ЭЛЕМЕНТЫ ЗАПИСИ (АБИС)
Тип экземпляра АБИС Книга
980 ## - КОЛЛЕКЦИЯ
Название коллекции Национальная библиография
Экземпляры
Тип экземпляра Дата поступления Источник поступления Стоимость Библиотека постоянного хранения Библиотека текущего хранения Место хранения Шифр хранения Штрих-код Статус экземпляра
Книга 17.10.2019 Дар 185.00 РНБ (Московский) РНБ (Московский) Обменный фонд   1-2766189  
Книга 18.06.2012 Дар 100.00 РНБ (Садовая) РНБ (Садовая) Фонд эстампов и фотографий (изоизданий) Э КЛ452/2005.23 3675351  
Книга 18.09.2019 Дар 700.00 РНБ (Садовая) РНБ (Садовая) Фонд эстампов и фотографий (изоизданий) Э КЛ452/2005.23 1-2766147  
Книга 19.02.2020 Дар 300.00 РНБ (Садовая) РНБ (Садовая) Фонд международного книгообмена   1-2908009 Доставлен в Фoнд
Книга 19.02.2020 Дар 300.00 РНБ (Садовая) РНБ (Садовая) Фонд международного книгообмена   1-2908010 Доставлен в Фoнд
Книга 19.02.2020 Дар 300.00 РНБ (Садовая) РНБ (Садовая) Фонд международного книгообмена   1-2908011 Доставлен в Фoнд
Книга 19.02.2020 Дар 300.00 РНБ (Садовая) РНБ (Садовая) Фонд международного книгообмена   1-2908012 Доставлен в Фoнд
Книга 19.02.2020 Дар 300.00 РНБ (Садовая) РНБ (Садовая) Фонд международного книгообмена   1-2971929 Доставлен в Фoнд